000 00363nam a22001457a 4500
999 _c18073
_d18073
003 OSt
005 20230411142415.0
008 230411b ||||| |||| 00| 0 eng d
040 _c0
245 _aPH low in reading comprehension /
260 _aPhilippines :
_bSunStar,
_cDecember 5, 2019.
300 _a1 page.
650 _aEducation.
_948361
942 _2ddc
_cPER